000 01015cam a2200325 a 4500
001 000014368
003 DO-SdBNP
005 20260415174538.0
008 870929s1965 sp 000 0 spa
035 _a(DLC) 67047310
035 _a(OCoLC)16781648
040 _aDO-SdBNP
_cMU
_dDLC
_dBNPHU
042 _apremarc
049 _aBNGR
082 _a361.1
_bC657e
100 1 _aCobo Suero, J. M.,
_d1937-2006
_cSacerdote Jesuita
_932445
245 1 3 _aUn ensayo de pensamiento social postcomunista /
_cJuan Manuel Cobo Suero.
260 _aMadrid :
_bRazón y Fe,
_c1965.
300 _a161 p. ;
_c19 cm.
490 1 _aBiblioteca "Razón y fe" de cuestiones actuales
_v59
650 _aProblemas sociales
_99290
650 0 _a Política social
_985378
650 4 _aUtopías
_95129
650 0 _aSocialismo
_9287
650 0 _aCapitalismo
_9280
650 0 _a
_912155
830 0 _aBiblioteca "Razón y fe" de cuestiones actuales ;
_v59
_932446
910 _aCatalogación por copia/LC
942 _2ddc
_cLBS1
999 _c13960
_d13960